000 00711nam a2200181 i 4500
001 162060
003 ES-MaACL
005 20230906212423.0
008 990325s1877 sp |||| | spa d
080 _a741.5(091)
100 1 _aPicón, Jacinto Octavio,
_d1852-1923
_991875
245 1 0 _aApuntes para la historia de la caricatura /
_cpor Jacinto Octavio Picón.
260 _aMadrid :
_b[s.n.],
_c1877 (
_fEstabl. Tipográfico J. C. Conde y Cía.)
300 _a136 p. ;
_c25 cm.
650 4 _aCaricatura-
_vHistoria.
_9148758
852 _aES-MaACL
_jT-316-F-1
_z.- Enc. hol.
_z. - Dedicatoria autógrafa del autor
_q. - Falto de la cub. original
_z. - Enc. en un vol. facticio
999 _c162060
_d162060